Statistics for Countries with the 50 Best Hotels in the world

Click here to take the quiz!

General Stats

  • This quiz has been taken 109 times
  • The average score is 13 of 20

Answer Stats

Answer% Correct
France
97%
Italy
95%
Canada
92%
UK
92%
USA
92%
Spain
90%
Mexico
85%
India
79%
Greece
74%
Thailand
74%
Turkey
70%
Indonesia
67%
South Africa
53%
Vietnam
51%
Morocco
47%
Peru
38%
Maldives
37%
Costa Rica
27%
Cambodia
26%
Rwanda
2%

Score Distribution

Percentile by Number Answered

Percent of People with Each Score

Your Score History

You have not taken this quiz